| 000 | 01179nam a22003737a 4500 | ||
|---|---|---|---|
| 001 | 0014470 | ||
| 003 | KOHA_MİRAKIL | ||
| 005 | 20260207001955.0 | ||
| 007 | ta | ||
| 008 | 100303b1984 tu |||gr||||#||||0|tur | | ||
| 040 |
_aTR-BiSEU _btur _cTR-BiSEU _erda |
||
| 041 | 0 | _atur | |
| 044 | _ctu | ||
| 050 |
_aHD8038 _b.E85 1984 |
||
| 245 | 0 |
_aEskişehir'de sanayi işçileri : _b(mesleki-coğrafi-kuşaklararası hareketlilik araştırması)/ _cBarlas Tolan, Dursun Gökdağ. |
|
| 264 | 1 |
_aEskişehir : _bAnadolu Üniversitesi _c1984 |
|
| 300 | _aXII, 82 sayfa: resimli | ||
| 336 |
_ametin _btxt _2rdacontent |
||
| 337 |
_aaracısız _bn _2rdamedia |
||
| 338 |
_acilt _bnc _2rdacarrier |
||
| 490 | 1 | _aT.C. | |
| 490 | 1 |
_aAnadolu Üniversitesi yayınları ; _vno. |
|
| 490 | 1 | _a56. | |
| 490 | 1 |
_aAçıköğretim Fakültesi yayınları ; _vno. |
|
| 490 | 1 | _a17. | |
| 650 | 0 |
_aEmployees--Turkey. _933776 |
|
| 650 | 0 |
_aİşçiler--Türkiye. _933777 |
|
| 830 | 1 |
_aT.C. _96297 |
|
| 830 | 1 |
_aAnadolu Üniversitesi yayınları ; _vno. _97107 |
|
| 830 | 1 |
_a56. _97010 |
|
| 830 | 1 |
_aAçıköğretim Fakültesi yayınları ; _vno. _920146 |
|
| 830 | 1 |
_a17. _97095 |
|
| 942 |
_2lcc _cBK |
||
| 999 |
_c14433 _d14433 |
||